00432 a2200181 4500260001400000300001000014245005000024650001800074260001000092300000900102260000900111100000700120630003900127037001200166650002600178700002800204020001800232 bEconomica a610p. aKeynes aujourd'hui : théories et politiques aKeynesianisme aParis b25cm c1985 lFr a33 - Economie - Economie politique aDE 5536 a3 - SCIENCES SOCIALES aPref., Barrère, Alain a2-7178-0842-6